Valores del trabajo y representaciones sociales: un estudio exploratorio /

En psicología social, la relación entre valores y representaciones sociales es un tema de investigación de actualidad debido al interés creciente por el estudio del pensamiento y la comunicación social. El artículo busca saber en qué medida los juicios de importancia atribuidos a los valores habitua...

Szczegółowa specyfikacja

Zapisane w:
Opis bibliograficzny
1. autor: Márquez, Eduardo
Kolejni autorzy: Friemel, Edouard, Rouquette, Michel - Louis
Format: Texto
Hasła przedmiotowe:
Etykiety: Dodaj etykietę
Nie ma etykietki, Dołącz pierwszą etykiete!

MARC

LEADER 00000 a a2200000 04500
001 18768
003
040
100 |a Márquez, Eduardo  
245 |a Valores del trabajo y representaciones sociales:   |b un estudio exploratorio /  |c Eduardo Márquez 
520 |a En psicología social, la relación entre valores y representaciones sociales es un tema de investigación de actualidad debido al interés creciente por el estudio del pensamiento y la comunicación social. El artículo busca saber en qué medida los juicios de importancia atribuidos a los valores habitualmente asociados al trabajo son influidos por las representaciones sociales del trabajo, del empleo y desempleo activados por la técnica de los esquemas cognitivos de base  
650 |a REPRESENTACION SOCIAL  
650 |a VALORES SOCIALES  
650 |a TRABAJO  
650 |a EMPLEO  
700 |a Friemel, Edouard  
700 |a Rouquette, Michel - Louis  
773 |g volumen 7, número 18; páginas 17-32  
999 |c 23987  |d 23987